| 000 | 00821cam a2200253 i 4500 | ||
|---|---|---|---|
| 001 | 18980680 | ||
| 003 | ARRUPE | ||
| 005 | 20220406094807.0 | ||
| 008 | 160219s2015 ug 000 0 lug | ||
| 010 | _a 2015333151 | ||
| 020 | _a9789970405039 | ||
| 040 |
_aDLC _beng _cDLC _erda |
||
| 042 |
_alcode _apcc |
||
| 050 | 0 | 0 |
_aPL8201.1 _b.K93 2015 |
| 100 | 1 |
_aKyagaba, Dan. _951227 |
|
| 245 | 1 | 0 |
_aGgulama w'oluganda omusengejje / _cDan Kyagaba, B.A. (Hons); DIP. EDUC M.ED. (Makerere University, Kampala, Uganda). |
| 260 |
_aKampala _bM.K. Publishers (U) Ltd. _c1996 |
||
| 300 |
_axiii, 193 pages ; _c26 cm |
||
| 546 | _aIn Ganda. | ||
| 650 | 0 |
_aGanda language _xGrammar. _920780 |
|
| 906 |
_a7 _bcbc _corigode _d3 _encip _f20 _gy-gencatlg |
||
| 942 |
_2lcc _cMONOGRAPH |
||
| 999 |
_c131259 _d131259 |
||